000
00281nam a2200109Ia 4500
008
190216s9999||||xx |||||||||||||| ||und||
100
_a
Maheswari S N
245
0
_a
Principles Of Management Accounting
260
_b
Prentice Hall Of India Pvt Ltd
_c
1982
300
_a
378p
942
_c
BK
999
_c
5233
_d
5233